00710nab a2200205uuc4500001000800000005001700008008004100025035001200066035002100078040001300099041000800112100003600120245010100156260001000257650003700267700003200304700003400336700003100370773010300401127938320250122085646.0120412s2009 eng  a1279383 a(OCoLC)820635719 ccomduadb aeng10aColmore S., Christian4auteaut10aVisitation Patterns and Perceptions of National Park Users - Case Study of Dominica, West Indies c2009. 7aRecreación al aire libre2lemb10aLacher, Thomas E.4auteaut10aHammitt, William E.4auteaut10aPotts, Thomas D.4auteaut0 tCaribbean Studies (Puerto Rico)gVol. 37, No. 02, Jul.-Dec. 2009, 83-104w1277356z00865330611085